Normal view
MARC view
Entry Personal Name
001 - CONTROL NUMBER
- control field: 1118630
003 - CONTROL NUMBER IDENTIFIER
- control field: OSt
005 - DATE AND TIME OF LATEST TRANSACTION
- control field: 20260302114404.0
008 - FIXED-LENGTH DATA ELEMENTS
- fixed length control field: 260302|| aca||aabn | a|a d
040 ## - CATALOGING SOURCE
- Original cataloging agency: OSt
- Transcribing agency: OSt
100 ## - HEADING--PERSONAL NAME
- Personal name: Joseph Westfall
670 ## - SOURCE DATA FOUND
- Source citation: Work cat.: (OSt)1682370: Joseph Westfall, Authorship and Authority in Kierkegaard's Writings
